Le personnalisme, suivi d'une étude sur la perception externe et sur la force / (Record no. 126419)

MARC details
000 -LEADER
campo de control de longitud fija 00510nam a2200157 4500
001 - NÚMERO DE CONTROL
campo de control 126419
003 - IDENTIFICADOR DE NÚMERO DE CONTROL
campo de control ES-MaACL
005 - FECHA Y HORA DE LA ÚLTIMA TRANSACCIÓN
campo de control 20230906192821.0
007 - CAMPO FIJO DE DESCRIPCIÓN FÍSICA--INFORMACIÓN GENERAL
campo de control de longitud fija t|
008 - DATOS DE LONGITUD FIJA--INFORMACIÓN GENERAL
campo de control de longitud fija 070214s1903 fr r ||||1| fre d
100 1# - ENTRADA PRINCIPAL--NOMBRE DE PERSONA
Nombre de persona Renouvier, Charles.
9 (RLIN) 96235
245 13 - MENCIÓN DEL TÍTULO
Título Le personnalisme, suivi d'une étude sur la perception externe et sur la force /
Mención de responsabilidad, etc. par Charles Renouvier.
260 ## - PUBLICACIÓN, DISTRIBUCIÓN, ETC.
Lugar de publicación, distribución, etc. Paris :
Nombre del editor, distribuidor, etc. [s. n.],
Fecha de publicación, distribución, etc. 1903 (
Lugar de fabricación/manufactura Evreux :
Fabricante Charles Herissy)
300 ## - DESCRIPCIÓN FÍSICA
Extensión VIII, 537 p. ;
Dimensiones 23 x 14 cm.
852 ## - LOCALIZACIÓN
Ubicación ES-MaACL
Número de control de estantería B-7051
Holdings
Estatus retirado Estado de pérdida Estado de daño No para préstamo Biblioteca de origen Biblioteca actual Ubicación en estantería Fecha de adquisición Fuente de adquisición Total de préstamos Signatura topográfica completa Código de barras Visto por última vez Precio de reemplazo Tipo de ítem Koha
        Biblioteca del Ateneo de Madrid Biblioteca del Ateneo de Madrid Sala Pardo Bazán 17/01/2008     B-7051 1131673 23/02/2023 23/02/2023 Libro impreso